000 00951nam a22002297a 4500
003 EC-GqESP
005 20260603142721.0
008 260519b |||||||| |||| 00| 0 eng d
041 _aspa
082 _a378.005
_pUNI
110 _aUniversidad del Azuay
245 _aUniversidad verdad : revista de la Universidad del Azuay : universidad y docencia
260 _aCuenca
_bUniversidad del Azuay
_c2001
300 _a224 páginas
_c21.30 cm.
500 _ano. 25 (octubre 2001).
504 _aIncluye referencias bibliográficas al final de cada artículo.
520 _aPublicación académica institucional que difunde los trabajos de investigación, ensayos científicos y proyectos de titulación desarrollados en los diferentes programas de posgrado y maestrías de la universidad.
650 _aEducación superior - Investigaciones - Ecuador
650 _aPedagogía Universitaria
650 _aDocencia Universitaria
942 _c01
999 _c238373
_d238373